书目信息 |
| 题名: |
跟名师学古筝
|
|
| 作者: | 李萌 编著 | |
| 分册: | ||
| 出版信息: | 北京 北京日报出版社 2016 |
|
| 页数: | 151页 | |
| 开本: | 30cm | |
| 丛书名: | ||
| 单 册: | ||
| 中图分类: | J632.326 | |
| 科图分类: | ||
| 主题词: | 筝--奏法 | |
| 电子资源: | ||
| ISBN: | 978-7-5477-2094-3 | |
| 000 | 00722nam0 2200217 450 | |
| 001 | 1503 | |
| 005 | 20180522124827.44 | |
| 010 | @a978-7-5477-2094-3@dCNY39.80 | |
| 100 | @a20161019d2016 em y0chiy50 ea | |
| 101 | 0 | @achi |
| 102 | @aCN@b110000 | |
| 105 | @aag z 000yy | |
| 200 | 1 | @a跟名师学古筝@9gen ming shi xue gu zheng@e学古筝三十课@f李萌编著 |
| 210 | @a北京@c北京日报出版社@d2016 | |
| 215 | @a151页@c图@d30cm | |
| 330 | @a本书对古筝的一些较常用的演奏技法做了简要的介绍。同时,设置了少量的、容易入门的练习,使学习者可以比较容易、快速地掌握一些简易的古筝弹奏法。 | |
| 606 | 0 | @a筝@x奏法 |
| 690 | @aJ632.326@v5 | |
| 701 | 0 | @a李萌@9li meng@4编著 |
| 801 | 0 | @aCN@b91MARC@c20161019 |
| 905 | @aMuseLib@dJ632.326@e125 | |
| 跟名师学古筝:学古筝三十课/李萌编著.-北京:北京日报出版社,2016 |
| 151页:图;30cm |
| ISBN 978-7-5477-2094-3:CNY39.80 |
| 本书对古筝的一些较常用的演奏技法做了简要的介绍。同时,设置了少量的、容易入门的练习,使学习者可以比较容易、快速地掌握一些简易的古筝弹奏法。 |
| ● |
| 相关链接 |
|
|
|
|
正题名:跟名师学古筝
索取号:J632.326/125
 
预约/预借
| 序号 | 登录号 | 条形码 | 馆藏地/架位号 | 状态 | 备注 |
| 1 | 1104900 | 211049006 | 第一样本阅览室/ [索取号:J632.326/125] | 在馆 | |
| 2 | 1104901 | 211049015 | 教育系资料室/ [索取号:J632.326/125] | 在馆 | |
| 3 | 1104902 | 211049024 | 教育系资料室/ [索取号:J632.326/125] | 在馆 | |
| 4 | 1104903 | 211049033 | 教育系资料室/ [索取号:J632.326/125] | 在馆 | |
| 5 | 1104904 | 211049042 | 第一借阅区/ [索取号:J632.326/125] | 在馆 | |
| 6 | 1104905 | 211049051 | 第一借阅区/ [索取号:J632.326/125] | 在馆 |